| 000 -LEADER |
| fixed length control field |
04030cam a22004577i 4500 |
| 001 - CONTROL NUMBER |
| control field |
17891439 |
| 005 - DATE AND TIME OF LATEST TRANSACTION |
| control field |
20251230123759.0 |
| 008 - FIXED-LENGTH DATA ELEMENTS--GENERAL INFORMATION |
| fixed length control field |
130919m20149999nyua b 001 0 eng d |
| 010 ## - LIBRARY OF CONGRESS CONTROL NUMBER |
| LC control number |
2013950910 |
| 020 ## - INTERNATIONAL STANDARD BOOK NUMBER |
| International Standard Book Number |
9781461488293 |
| 020 ## - INTERNATIONAL STANDARD BOOK NUMBER |
| International Standard Book Number |
146148829X |
| 020 ## - INTERNATIONAL STANDARD BOOK NUMBER |
| International Standard Book Number |
9781461488231 |
| 020 ## - INTERNATIONAL STANDARD BOOK NUMBER |
| Canceled/invalid ISBN |
9781461488309 (ebook) |
| 020 ## - INTERNATIONAL STANDARD BOOK NUMBER |
| International Standard Book Number |
9781461488248 |
| Qualifying information |
ebook |
| 035 ## - SYSTEM CONTROL NUMBER |
| System control number |
17891439 |
| 035 ## - SYSTEM CONTROL NUMBER |
| System control number |
(OCoLC)872151916 |
| 040 ## - CATALOGING SOURCE |
| Original cataloging agency |
TXM |
| Language of cataloging |
eng |
| Transcribing agency |
TXM |
| Description conventions |
rda |
| Modifying agency |
TXM |
| -- |
DLC |
| 042 ## - AUTHENTICATION CODE |
| Authentication code |
lccopycat |
| 050 00 - LIBRARY OF CONGRESS CALL NUMBER |
| Classification number |
SB106.I47 |
| Item number |
I472 2014 |
| 082 04 - DEWEY DECIMAL CLASSIFICATION NUMBER |
| Classification number |
631.523 |
| Edition number |
23 |
| 245 00 - TITLE STATEMENT |
| Title |
Improvement of crops in the era of climatic changes / |
| Statement of responsibility, etc. |
Parvaiz Ahmad, Mohd Rafiq Wani, Mohamed Mahgoub Azooz, Lam-Son Phan Tran, editors. |
| 264 #1 - PRODUCTION, PUBLICATION, DISTRIBUTION, MANUFACTURE, AND COPYRIGHT NOTICE |
| Place of production, publication, distribution, manufacture |
New York : |
| Name of producer, publisher, distributor, manufacturer |
Springer, |
| Date of production, publication, distribution, manufacture, or copyright notice |
[2014]- |
| 300 ## - PHYSICAL DESCRIPTION |
| Extent |
volume : 1 |
| Other physical details |
illustrations (some color) ; |
| Dimensions |
24 cm |
| 336 ## - CONTENT TYPE |
| Content type term |
text |
| Source |
rdacontent |
| 337 ## - MEDIA TYPE |
| Media type term |
unmediated |
| Source |
rdamedia |
| 338 ## - CARRIER TYPE |
| Carrier type term |
volume |
| Source |
rdacarrier |
| 520 ## - SUMMARY, ETC. |
| Summary, etc. |
"Current trends in population growth hint that global food production is unlikely to gratify future demands under predicted climate change scenarios unless the rates of crop improvement are accelerated. Crop production faces numerous challenges, due to changing environmental conditions and evolving needs for new plant-derived materials. These challenges come at a time when the plant sciences are witnessing remarkable progress in understanding fundamental processes of plant growth and development. Drought, heat, cold and salinity are among the major abiotic stresses that often cause a series of morphological, physiological, biochemical and molecular alterations which adversely affect plant growth, development and productivity, consequently posing a serious challenge for sustainable food production in large parts of the world, particularly in emerging countries. This emphasizes the urgency of finding better ways to translate new advances in plant science into concrete successes in agricultural production. To overcome the pessimistic influence of abiotic stresses and to maintain the food security in the face of these challenges, new, improved and tolerant crop varieties, contemporary breeding techniques, and cavernous understanding of the mechanisms that counteract detrimental climate changes are indubitably needed to sustain the requisite food supply. In this context, Improvement of Crops in the Era of Climatic Changes, Volume 1 provides a state-of-the-art guide to recent developments that aid in the understanding of plant responses to abiotic stresses and lead to new horizons vis--vis prime strategies for translating current research into applied solutions to create strong yields and overall crop improvement under such unfavourable environments. Written by a diverse group of internationally famed scholars, Improvement of Crops in the Era of Climatic Changes, Volume 1 is a brief yet all-inclusive resource that is immensely advantageous for researchers, students, environmentalists, soil scientists, professionals, and many others in the quest of advancement in this flourishing field of research."-- |
| Assigning source |
Back cover. |
| 650 #0 - SUBJECT ADDED ENTRY--TOPICAL TERM |
| Topical term or geographic name entry element |
Crop improvement. |
| 9 (RLIN) |
132613 |
| 700 1# - ADDED ENTRY--PERSONAL NAME |
| Personal name |
Ahmad, Parvaiz, |
| Relator term |
editor of compilation. |
| 9 (RLIN) |
132547 |
| 700 1# - ADDED ENTRY--PERSONAL NAME |
| Personal name |
Wani, Mohd Rafiq, |
| Relator term |
editor of compilation. |
| 9 (RLIN) |
132616 |
| 700 1# - ADDED ENTRY--PERSONAL NAME |
| Personal name |
Azooz, Mohamed Mahgoub, |
| Relator term |
editor of compilation. |
| 9 (RLIN) |
132617 |
| 700 1# - ADDED ENTRY--PERSONAL NAME |
| Personal name |
Tran, Lam-Son Phan, |
| Relator term |
editor of compilation. |
| 9 (RLIN) |
132618 |
| 856 42 - ELECTRONIC LOCATION AND ACCESS |
| Materials specified |
Contributor biographical information |
| Uniform Resource Identifier |
<a href="http://www.loc.gov/catdir/enhancements/fy1602/2013950910-b.html">http://www.loc.gov/catdir/enhancements/fy1602/2013950910-b.html</a> |
| 856 42 - ELECTRONIC LOCATION AND ACCESS |
| Materials specified |
Publisher description |
| Uniform Resource Identifier |
<a href="http://www.loc.gov/catdir/enhancements/fy1602/2013950910-d.html">http://www.loc.gov/catdir/enhancements/fy1602/2013950910-d.html</a> |
| 856 41 - ELECTRONIC LOCATION AND ACCESS |
| Materials specified |
Table of contents only |
| Uniform Resource Identifier |
<a href="http://www.loc.gov/catdir/enhancements/fy1602/2013950910-t.html">http://www.loc.gov/catdir/enhancements/fy1602/2013950910-t.html</a> |
| 906 ## - LOCAL DATA ELEMENT F, LDF (RLIN) |
| a |
7 |
| b |
cbc |
| c |
copycat |
| d |
2 |
| e |
epcn |
| f |
20 |
| g |
y-gencatlg |
| 942 ## - ADDED ENTRY ELEMENTS (KOHA) |
| Source of classification or shelving scheme |
|
| Koha item type |
Book |